The investor's guide to technical analysis / (Record no. 345532)
[ view plain ]
| 000 -LEADER | |
|---|---|
| fixed length control field | 01691 a2200205 4500 |
| 020 ## - INTERNATIONAL STANDARD BOOK NUMBER | |
| International Standard Book Number | 0071389989 |
| 020 ## - INTERNATIONAL STANDARD BOOK NUMBER | |
| International Standard Book Number | 9780071389983 |
| 082 04 - DEWEY DECIMAL CLASSIFICATION NUMBER | |
| Classification number | 332.632042 |
| 090 ## - LOCALLY ASSIGNED LC-TYPE CALL NUMBER (OCLC); LOCAL CALL NUMBER (RLIN) | |
| -- | 3042 |
| -- | 3042 |
| 100 1# - MAIN ENTRY--PERSONAL NAME | |
| Personal name | Renz, Curt. |
| 245 14 - TITLE STATEMENT | |
| Title | The investor's guide to technical analysis / |
| Statement of responsibility, etc. | Curt Renz. |
| 250 ## - EDITION STATEMENT | |
| Edition statement | 1st ed. |
| 260 ## - PUBLICATION, DISTRIBUTION, ETC. | |
| Place of publication, distribution, etc. | [S.l.] : |
| Name of publisher, distributor, etc. | McGraw-Hill, |
| Date of publication, distribution, etc. | 2003. |
| 300 ## - PHYSICAL DESCRIPTION | |
| Extent | 160 p. ; |
| Dimensions | 23 cm. |
| 500 ## - GENERAL NOTE | |
| General note | Paperback. |
| 520 ## - SUMMARY, ETC. | |
| Summary, etc. | Everything investors need to know to understand, utilize, and profit from the basic tools of technical analysis Technical analysis (TA) doesn't have to be difficult or intimidating. In fact, many TA tools are remarkably simple to use and have helped millions of individual investors dramatically improve their results. The Investor's Guide to Technical Analysis provides investors with practical strategies, cut-to-the-chase explanations, and detailed introductions to the basic tools and concepts of technical analysis. More than just an overview of technical analysis, this results-based book shows investors how to apply the most efficient and reliable TA tools to their investment programs and greatly increase both their confidence and their results. Straightforward examples and descriptions show investors of every type how to: Understand market cycles and their value in choosing optimal buy and sell points Identify and make use of basic indicators as well as sentiment indicators Use trend lines to accurately track market movement. |
| 856 40 - ELECTRONIC LOCATION AND ACCESS | |
| Materials specified | Amazon.com |
| Uniform Resource Identifier | <a href="http://www.amazon.com/exec/obidos/ASIN/0071389989/chopaconline-20">http://www.amazon.com/exec/obidos/ASIN/0071389989/chopaconline-20</a> |
| 856 40 - ELECTRONIC LOCATION AND ACCESS | |
| Materials specified | Amazon customer reviews |
| Uniform Resource Identifier | <a href="http://www.chopac.org/cgi-bin/tools/azrev.pl?q=0071389989">http://www.chopac.org/cgi-bin/tools/azrev.pl?q=0071389989</a> |
| 942 ## - ADDED ENTRY ELEMENTS (KOHA) | |
| Institution code [OBSOLETE] | NBS |
| Koha item type | Book |
| Call number prefix | 332.632042 REN |
| Withdrawn status | Lost status | Damaged status | Not for loan | Permanent Location | Current Location | Date acquired | Total Checkouts | Total Renewals | Full call number | Barcode | Checked out | Date last seen | Date last checked out | Price effective from | Koha item type |
|---|---|---|---|---|---|---|---|---|---|---|---|---|---|---|---|
| Central Library (CL) | Central Library (CL) | 08/28/2013 | 4 | 1 | 332.632042 REN | NBS8047 | 03/10/2026 | 02/08/2026 | 02/08/2026 | 08/28/2013 | Book |
